000 00327nam a22001457a 4500
003 SGT
020 _a9789389046267
082 _a342.0954
_bE19S
100 _aSHARMA, VIVEK NARAYAN
245 _aELECTIONOMICS
260 _aINDIA
_bTHOMSON RETERS
_c2019
300 _a303
650 _aINDIAN CONSTITUTION
942 _2ddc
_cBK
999 _c26211
_d26211